000 00294nam a22001337a 4500
082 _a823
_bGRA/T
100 _aGRANT, JOHN
245 _aMASTERS
_bA TRAP FOR HE-MAN
260 _aUK
_bLADYBIRD
300 _a43
520 _aENGLISH SHORT STORY
650 _aENGLISH SHORT STORY
_zUK
942 _cBK
999 _c4906
_d4906